[Event "Mittelfranken-chTB1 1819"]
[Site "Mittelfranken"]
[Date "2019.03.17"]
[Round "7.6"]
[White "Weber, Alexander"]
[Black "Goetz, Dieter"]
[Result "1/2-1/2"]
[WhiteElo "1858"]
[BlackElo "1859"]
[PlyCount "30"]
[EventDate "2018.10.14"]
[EventType "team-tourn"]
[EventRounds "9"]
[EventCountry "GER"]
[SourceTitle "EXT 2022"]
[Source "ChessBase"]
[SourceDate "2021.10.06"]
[SourceVersion "1"]
[SourceVersionDate "2021.10.06"]
[SourceQuality "1"]
[WhiteTeam "Erlangen SC III"]
[BlackTeam "Nuernberg SK 1911"]
[WhiteTeamCountry "GER"]
[BlackTeamCountry "GER"]

1. b3 Nf6 2. Bb2 d6 3. d4 Nbd7 4. Nf3 g6 5. c4 Bg7 6. Nc3 0-0 7. e4 e5 8. dxe5 dxe5 9. Qc2 c6 10. Rd1 Qa5 11. Be2 Rd8 12. 0-0 Nh5 13. Rd6 Bf8 14. Rd2 Bh6 15. Rd6 Bf8 1/2-1/2

[Event "Mittelfranken-chTB1 1718"]
[Site "Mittelfranken"]
[Date "2017.10.08"]
[Round "1.7"]
[White "Weber, Alexander"]
[Black "Firla, Erwin"]
[Result "1-0"]
[WhiteElo "1810"]
[BlackElo "1785"]
[PlyCount "95"]
[EventDate "2017.10.08"]
[EventType "team-tourn"]
[EventRounds "9"]
[EventCountry "GER"]
[SourceTitle "EXT 2022"]
[Source "ChessBase"]
[SourceDate "2021.10.06"]
[SourceVersion "1"]
[SourceVersionDate "2021.10.06"]
[SourceQuality "1"]
[WhiteTeam "Erlangen SC III"]
[BlackTeam "Postbauer Heng"]
[WhiteTeamCountry "GER"]
[BlackTeamCountry "GER"]

1. d4 d5 2. c4 e6 3. Nc3 Nf6 4. Nf3 c6 5. g3 Nbd7 6. Bg2 Be7 7. 0-0 0-0 8. Nd2 Nb6 9. b3 dxc4 10. Nxc4 Nbd5 11. Bb2 Nd7 12. e4 Nxc3 13. Bxc3 Nb6 14. Qc2 Bf6 15. Rfd1 Bd7 16. Bb4 Be7 17. Ba5 Qc7 18. Ne3 Qc8 19. Rac1 Bd8 20. Bb4 Re8 21. Qd2 Qb8 22. a4 Nc8 23. d5 cxd5 24. exd5 exd5 25. Bxd5 Nb6 26. Bg2 Be7 27. a5 Be6 28. axb6 Bxb3 29. Bxe7 Bxd1 30. Bd6 Qd8 31. Rxd1 Qxb6 32. Nf5 Rad8 33. Qg5 g6 34. Nh6+ Kg7 35. Nxf7 Kxf7 36. Bd5+ Kg7 37. Be5+ Rxe5 38. Qxe5+ Qf6 39. Qc7+ Kh8 40. Qxb7 a5 41. Qb5 Rf8 42. Rf1 Qc3 43. Qd7 Qe5 44. Kg2 a4 45. Qe6 Qxe6 46. Bxe6 Ra8 47. Ra1 Kg7 48. Ra3 1-0

[Event "Nuremberg Zabo op 19th"]
[Site "Nuremberg"]
[Date "2017.09.16"]
[Round "3"]
[White "Weber, Alexander"]
[Black "Albayrak, Nese Pinar"]
[Result "1-0"]
[WhiteElo "1801"]
[BlackElo "1351"]
[PlyCount "121"]
[EventDate "2017.09.15"]
[EventType "swiss"]
[EventRounds "5"]
[EventCountry "GER"]
[SourceTitle "EXT 2022"]
[Source "ChessBase"]
[SourceDate "2021.10.06"]
[SourceVersion "1"]
[SourceVersionDate "2021.10.06"]
[SourceQuality "1"]

1. e4 e5 2. Nf3 Nc6 3. Bc4 Nf6 4. d4 exd4 5. 0-0 d5 6. exd5 Nxd5 7. Nxd4 Bc5 8. Re1+ Nde7 9. Nb5 0-0 10. Qxd8 Rxd8 11. Nxc7 Rb8 12. Bg5 h6 13. Bxe7 Nxe7 14. Nc3 Bf5 15. Bb3 a6 16. N7d5 Nxd5 17. Nxd5 Be6 18. Nc3 Bxb3 19. axb3 Bb6 20. Rad1 Ba5 21. Kf1 Rbc8 22. Rxd8+ Rxd8 23. Rd1 Rc8 24. Rd3 b5 25. b4 Bxb4 26. Nd5 Bd6 27. c3 Re8 28. Nf6+ gxf6 29. Rxd6 Re6 30. Rd8+ Kg7 31. b4 Rc6 32. Rd3 Rc4 33. Ke2 a5 34. bxa5 Ra4 35. Rd4 Rxa5 36. Kd3 Ra4 37. Rxa4 bxa4 38. Kc4 a3 39. Kb3 a2 40. Kxa2 Kf8 41. Kb3 Ke7 42. Kc4 Kd6 43. Kd4 f5 44. h4 h5 45. Ke3 Ke5 46. c4 f4+ 47. Kd3 f5 48. g3 fxg3 49. fxg3 f4 50. gxf4+ Kxf4 51. Kd4 Kg3 52. c5 Kxh4 53. c6 Kg3 54. c7 h4 55. c8Q h3 56. Qg8+ Kf2 57. Qh7 Kg3 58. Qg6+ Kf2 59. Qf5+ Kg3 60. Qg5+ Kh2 61. Qg4 1-0

[Event "Nuremberg Zabo op 19th"]
[Site "Nuremberg"]
[Date "2017.09.15"]
[Round "1"]
[White "Weber, Alexander"]
[Black "Denninger, Lovis"]
[Result "1-0"]
[WhiteElo "1801"]
[BlackElo "1225"]
[PlyCount "53"]
[EventDate "2017.09.15"]
[EventType "swiss"]
[EventRounds "5"]
[EventCountry "GER"]
[SourceTitle "EXT 2022"]
[Source "ChessBase"]
[SourceDate "2021.10.06"]
[SourceVersion "1"]
[SourceVersionDate "2021.10.06"]
[SourceQuality "1"]

1. e4 e5 2. Nf3 Nc6 3. Bc4 Bc5 4. 0-0 d6 5. h3 Nf6 6. Nc3 Be6 7. d3 Qd7 8. Nd5 0-0-0 9. Ng5 Nd4 10. Nxe6 Nxe6 11. b4 Bd4 12. c3 Bb6 13. a4 a6 14. Nxb6+ cxb6 15. Be3 Kb8 16. Bxe6 Qxe6 17. Bxb6 Rc8 18. c4 d5 19. Bc5 dxc4 20. dxc4 Qxc4 21. Qd6+ Ka8 22. Qb6 Kb8 23. Qa7+ Kc7 24. Rac1 Qe6 25. Be7+ Kd7 26. Qxb7+ Ke8 27. Rxc8+ 1-0

[Event "Mittelfranken-chTB2b 1516"]
[Site "Mittelfranken"]
[Date "2016.04.03"]
[Round "8.4"]
[White "Traut, Gerhard"]
[Black "Weber, Alexander"]
[Result "0-1"]
[WhiteElo "1797"]
[BlackElo "1799"]
[PlyCount "86"]
[EventDate "2015.10.18"]
[EventType "team-tourn"]
[EventRounds "9"]
[EventCountry "GER"]
[SourceTitle "EXT 2020"]
[Source "ChessBase"]
[SourceDate "2019.10.17"]
[SourceVersion "1"]
[SourceVersionDate "2019.10.17"]
[SourceQuality "1"]
[WhiteTeam "Uttenreuth"]
[BlackTeam "Erlangen SC III"]
[WhiteTeamCountry "GER"]
[BlackTeamCountry "GER"]

1. d4 Nf6 2. e3 e6 3. Bd3 c5 4. c3 d5 5. Nd2 Nc6 6. f4 Bd6 7. g3 0-0 8. Ngf3 Ng4 9. Qe2 f5 10. Ne5 Ngxe5 11. fxe5 Be7 12. 0-0 c4 13. Bc2 Bd7 14. Nf3 Be8 15. Ne1 Kh8 16. Bd2 Rg8 17. Ng2 g5 18. Kh1 Rg6 19. b3 b5 20. g4 Bd7 21. gxf5 exf5 22. Bxf5 Bxf5 23. Rxf5 Qa5 24. bxc4 bxc4 25. e4 dxe4 26. Qxe4 Rd8 27. Ne3 Nxd4 28. cxd4 Qxd2 29. Rd1 Qxa2 30. Nd5 Rh6 31. h3 Rxh3+ 32. Kg1 Qh2+ 33. Kf1 Qh1+ 34. Qxh1 Rxh1+ 35. Ke2 Rh2+ 36. Kf3 Rxd5 37. Ke4 Ra5 38. d5 Rh4+ 39. Kf3 c3 40. d6 c2 41. Rc1 Bxd6 42. Rxc2 Rxe5 43. Rc8+ Kg7 0-1

[Event "Nuremberg Zabo op 17th"]
[Site "Nuremberg"]
[Date "2015.09.21"]
[Round "1"]
[White "Steindl, Horst"]
[Black "Weber, Alexander"]
[Result "0-1"]
[WhiteElo "1215"]
[BlackElo "1801"]
[PlyCount "124"]
[EventDate "2015.09.21"]
[EventType "swiss"]
[EventRounds "5"]
[EventCountry "GER"]
[SourceTitle "EXT 2018"]
[Source "ChessBase"]
[SourceDate "2017.10.13"]
[SourceVersion "1"]
[SourceVersionDate "2017.10.13"]
[SourceQuality "1"]

1. Nf3 Nf6 2. g3 d5 3. Bg2 Nc6 4. 0-0 e5 5. d4 e4 6. Ne5 Nxe5 7. dxe5 Ng4 8. Bxe4 dxe4 9. Qxd8+ Kxd8 10. Bg5+ Be7 11. Rd1+ Ke8 12. Bxe7 Kxe7 13. Nc3 c6 14. Rd4 Bf5 15. Nxe4 Bxe4 16. Rxe4 h5 17. Rd1 Rad8 18. Rxd8 Rxd8 19. h3 Nh6 20. e3 Rd2 21. Rc4 Ke6 22. g4 hxg4 23. hxg4 Kxe5 24. Kg2 f5 25. gxf5 Nxf5 26. Rc5+ Ke6 27. Kf3 g6 28. e4 Ne7 29. a4 b6 30. Rc3 Rd4 31. b3 Ke5 32. Rc4 Rxc4 33. bxc4 Kd4 34. Kg4 a6 35. f3 c5 36. Kg5 Kxc4 37. Kf6 Nc6 38. Kxg6 Ne5+ 39. Kf5 Nxf3 40. e5 Kd5 41. c3 Nxe5 42. Kf4 Nd3+ 43. Ke3 Nb2 44. Kd2 Nxa4 45. Kc2 Kc4 46. Kb1 Nxc3+ 47. Kb2 b5 48. Ka3 a5 49. Kb2 b4 50. Kc2 a4 51. Kb2 a3+ 52. Ka1 a2 53. Kb2 b3 54. Ka1 Ne2 55. Kb2 Kd3 56. Ka1 Nd4 57. Kb2 Nc2 58. Kxb3 a1R 59. Kb2 Rf1 60. Ka2 Nb4+ 61. Kb2 Rf2+ 62. Ka1 Kc3 0-1

[Event "Forchheim op-B 13th"]
[Site "Forchheim"]
[Date "2014.10.04"]
[Round "4"]
[White "Weber, Alexander"]
[Black "Nagy, Laszlo3333"]
[Result "1-0"]
[WhiteElo "1700"]
[BlackElo "1966"]
[PlyCount "31"]
[EventDate "2014.10.03"]
[EventType "swiss"]
[EventRounds "5"]
[EventCountry "GER"]
[SourceTitle "EXT 2019"]
[Source "ChessBase"]
[SourceDate "2018.10.10"]
[SourceVersion "1"]
[SourceVersionDate "2018.10.10"]
[SourceQuality "1"]

1. e4 d5 2. exd5 Nf6 3. d4 Nxd5 4. c4 Nb6 5. Nc3 Nc6 6. Be3 Bf5 7. a3 g6 8. g4 Bc8 9. h3 Bg7 10. Nf3 e5 11. d5 Ne7 12. a4 a5 13. Bc5 0-0 14. d6 cxd6 15. Qxd6 Nc6 16. Qxd8 1-0

[Event "Nuremberg Zabo op 16th"]
[Site "Nuremberg"]
[Date "2014.09.20"]
[Round "2"]
[White "Gawlas, Gunder"]
[Black "Weber, Alexander"]
[Result "0-1"]
[WhiteElo "1503"]
[BlackElo "1689"]
[PlyCount "52"]
[EventDate "2014.09.19"]
[EventType "swiss"]
[EventRounds "5"]
[EventCountry "GER"]
[SourceTitle "EXT 2018"]
[Source "ChessBase"]
[SourceDate "2017.10.13"]
[SourceVersion "1"]
[SourceVersionDate "2017.10.13"]
[SourceQuality "1"]

1. e4 c6 2. d4 d5 3. e5 Bf5 4. Nf3 e6 5. Be2 Nd7 6. a3 c5 7. c3 Rc8 8. 0-0 Ne7 9. Bd3 h6 10. b4 cxd4 11. cxd4 Bxd3 12. Qxd3 Nf5 13. Nbd2 Be7 14. Nb3 0-0 15. g4 Nh4 16. Nxh4 Bxh4 17. f4 f5 18. exf6 Nxf6 19. Nc5 Qe7 20. g5 hxg5 21. Qh3 Ne4 22. Nxe6 Rf6 23. Nxg5 Rc2 24. Be3 Rh6 25. Qf5 Nxg5 26. Qxd5+ Qe6 0-1

[Event "Nuremberg Zabo op 15th"]
[Site "Nuremberg"]
[Date "2013.09.22"]
[Round "4"]
[White "Weber, Alexander"]
[Black "Weissmann, Peter"]
[Result "1-0"]
[WhiteElo "1507"]
[BlackElo "1679"]
[PlyCount "49"]
[EventDate "2013.09.20"]
[EventType "swiss"]
[EventRounds "5"]
[EventCountry "GER"]
[SourceTitle "EXT 2016"]
[Source "ChessBase"]
[SourceDate "2015.10.08"]
[SourceVersion "1"]
[SourceVersionDate "2015.10.08"]
[SourceQuality "1"]

1. e4 e5 2. Nf3 f5 3. Nxe5 Qf6 4. d4 fxe4 5. Bc4 Ne7 6. Bf7+ Kd8 7. Bb3 d5 8. Nc3 Be6 9. h4 h6 10. Qh5 g6 11. Qe2 Nbc6 12. Be3 Nxe5 13. dxe5 Qxe5 14. 0-0-0 Kc8 15. Kb1 Nf5 16. Nxd5 Nxe3 17. Qxe3 c6 18. f4 Qf5 19. Qd4 cxd5 20. Qxh8 b6 21. g4 Qf7 22. f5 gxf5 23. gxf5 Qg8 24. Qc3+ Bc5 25. fxe6 1-0